000
00198 a2200097 4500
001
45936
100
_a
Heaton P
245
_a
Sailing
260
_a
London
_b
Nicholas Kaye
_c
090
_c
29052
_d
29052
942
_a
NUST-CAE
_c
M
_c
21172
999
_c
281009
_d
281009